Logos des principaux environnements de bureau Linux - Statistiques

Statistiques générales
  • Ce quiz a été pris 4 fois
  • Le résultat moyen est 5 sur 12
Statistiques - réponses
Par images Réponse % Correct
Cinnamon
67%
GNOME
67%
KDE Plasma
67%
Unity
67%
Xfce
67%
Budgie
33%
COSMIC
33%
Deepin
33%
MATE
33%
Pantheon
33%
LXDE
0%
LXQt
0%
Aucun quiz correspondant
Distribution des résultats
% des personnes avec chaque résultat
Percentile par nombre de réponses
Votre historique - résultats
Vous n’avez pas pris ce quiz